| 000 | 00408nam a2200157Ia 4500 | ||
|---|---|---|---|
| 008 | 230711s9999||||xx |||||||||||||| ||und|| | ||
| 041 | _aENG | ||
| 082 |
_a624 _bMA-F |
||
| 100 | _aK. J. Marsh | ||
| 245 | 0 | _aFull-scale fatigue testing of components and structures | |
| 250 | _a2nd Ed. | ||
| 260 |
_c1988 _aNew Delhi _bButterworth-Heinemann Ltd |
||
| 300 | _a331 | ||
| 650 | _aCivil Engineering | ||
| 942 | _cBK | ||
| 999 |
_c1853 _d1853 |
||